000 00590nam a2200241Ia 4500
003 OSt
005 20220924150446.0
006 a|||||r|||| 00| 0
007 ta
008 220923b |||||||| |||| 00| 0 tel d
020 _c60.00
024 _a333205
037 _cTextual
040 _aARTS
_cARTS
_btel
041 _2tel
_atel
082 _a035,1N12:g, N3
100 _aKarunasri Au.
_9222167
245 0 _aKavita kaustubha
260 _c1993
650 _aTELUGU POETRY
942 _h035,1N12:g, N3
_cTEXL
_2CC
999 _c463403
_d463403